100 [i.e. One Hundred] Selected Poems by E.E. Cummings /
E.E. Cummings (1894-1963), escritor norteamericano. Su reclusión en un campo de concentración francés bajo la acusación infundada de espionaje, durante la Segunda Guerra Mundial, fue una experiencia que dejó plasmada en la novela La habitación enorme (1920). Más adelante escribiría diarios de viajes...
Guardado en:
| Autor principal: | |
|---|---|
| Formato: | Libro |
| Idioma: | Inglés |
| Publicado: |
Nueva York, EUA :
Grove Weidenfeld,
1954, c1954
|
| Temas: | |
| Etiquetas: |
Sin etiquetas, Sé el primero en etiquetar este registro!
|
MARC
| LEADER | 00000nam^a2200000^a^4500 | ||
|---|---|---|---|
| 001 | 000134276 | ||
| 005 | 20250521000000.0 | ||
| 009 | 20260310095201.111 | ||
| 020 | |a 0-8021-3072-0 | ||
| 037 | |a Acervo ITESO - Biblioteca | ||
| 041 | |a ING | ||
| 082 | |a 811. |b CUM | ||
| 100 | |a Cummings, E.E. |e (autor) | ||
| 245 | 1 | 0 | |a 100 [i.e. One Hundred] Selected Poems by E.E. Cummings / |c E.E. Cummings . |
| 264 | 4 | |a Nueva York, EUA : |b Grove Weidenfeld, |c 1954, c1954 | |
| 300 | |a 121 p. | ||
| 336 | |a texto |b txt |2 rdacontenido | ||
| 337 | |a sin mediación |b n |2 rdamedio | ||
| 338 | |a volumen |b nc |2 rdasoporte | ||
| 520 | |a E.E. Cummings (1894-1963), escritor norteamericano. Su reclusión en un campo de concentración francés bajo la acusación infundada de espionaje, durante la Segunda Guerra Mundial, fue una experiencia que dejó plasmada en la novela La habitación enorme (1920). Más adelante escribiría diarios de viajes (Eimi, 1933) y teatro (El, 1927, y Santa Klaus, 1946). Fue en el género de la poesía donde destacó: Tulipanes y chimeneas (1923), Es 5 (1926), Viva (1931), 50 poemas (1940), Xaipe (1950), 95 poemas (1958), 73 poemas (1963). | ||
| 649 | |a XX | ||
| 650 | |a Poesía Norteamericana | ||
| 650 | |a Literatura Norteamericana - |y Siglo XX | ||
| 910 | |a Fondo General | ||
| 920 | |a Impresos - Libros | ||
| 930 | |a Colección General | ||
| 940 | |a Literatura | ||
| 905 | |a 101 | ||
| 901 | |a 0500063513 |b IT1 |c LIT |u 20250521 | ||
| 902 | |a https://opac.biblio.iteso.mx/vufind/Record/000134276 | ||